00342 a2200097 4500001001000000005001700010008004100027245006000068100001800128773009800146ART_4771620260410162018.0260409a 10aAspectos procedimentales de las acciones de filiación1 aOlmo, Juan P.0 tTemas de derecho de familia, sucesiones y bioéticag- Año 3, N° 10 (oct. 2018)wREV41029